[Event "Tashkent FIDE GP 2nd"]
[Site "Tashkent"]
[Date "2012.12.02"]
[Round "9"]
[White "Karjakin, Sergey"]
[Black "Gelfand, Boris"]
[Result "1/2-1/2"]
[WhiteElo "2775"]
[BlackElo "2751"]
[Annotator "Postny,E"]
[PlyCount "68"]
[EventDate "2012.11.22"]
[EventType "tourn"]
[EventRounds "11"]
[EventCountry "UZB"]
[EventCategory "20"]
[SourceTitle "CBM 152"]
[Source "ChessBase"]
[SourceDate "2013.01.15"]
[SourceVersion "1"]
[SourceVersionDate "2013.01.15"]
[SourceQuality "1"]

1. e4 {Kritz,L} c5 2. Nf3 Nc6 3. Nc3 {One of the ways to avoid the main
Sveshnikov variation, which was so well prepared by Gelfand and his team for
the recent World Championship match. Obviously, White can't claim a
significant advantage in this line.} e5 {Boris chooses the same line that he
played against Leko two months ago in London. Black weakens the light squares
but, takes control over the d4 square making it difficult for White to seize
more space.} 4. Bc4 Be7 5. d3 d6 6. O-O (6. Nd2 Nf6 7. Nf1 Nd7 (7... Bg4 8. f3
Be6 9. Ne3 O-O {is reliable for Black as proved in many games on a high level.}
) 8. Ne3 Nb6 9. Ned5 O-O 10. Nxb6 axb6 11. O-O Bg5 12. a4 Bxc1 13. Qxc1 Be6 14.
Qd2 h6 15. f4 exf4 16. Rxf4 Qg5 17. Raf1 $14 {1/2-1/2 Leko,P (2737)-Gelfand,B 
(2738)/London 2012/CB39_2012 (59)}) 6... Nf6 7. h3 ({Another line goes:} 7. Ng5
O-O 8. f4 Bg4 9. Qe1 exf4 10. Bxf4 Nd4 11. Qd2 h6 12. Nf3 Nxf3+ 13. gxf3 Be6
14. Kh1 {and later on White will try to use the g-file for his major pieces.}
Kh7 15. Bxe6 fxe6 $11 {1/2-1/2 Inarkiev,E (2707)-Timofeev,A (2641)/Tyumen 2012/
CB26_2012 (30)}) 7... O-O 8. a3 a6 (8... Be6 9. Nd5 Nd4 {is a playable idea as
well. The massive exchanges of minor pieces often lead to equality.}) ({Auch} 
8... Nd7 {sieht vernünftig aus:} 9. Rb1 (9. Nd5 Nb6 10. Ba2 Nxd5 11. Bxd5 Be6
12. Bxe6 fxe6 13. c3 Qd7 14. b4 b5 15. Be3 a6 $11 {1-0 Carlsen,M (2776)
-Radjabov,T (2761)/Nice 2009/CBM 129 Extra (37)}) 9... Nb6 10. Ba2 Be6 11. Nd5
Bxd5 12. exd5 Nd4 13. b4 Na4 14. Bd2 Nxf3+ 15. Qxf3 Bg5 $11 {1/2-1/2 Edouard,R
(2636)-Moiseenko,A (2670)/Warsaw 2010/CBM 139 Extra (22)}) 9. Nd5 (9. Ba2 b5 (
9... Be6 10. Nd5 Nd4 11. Ne3 Bxa2 12. Rxa2 d5 13. exd5 Nxd5 14. Nxe5 Nxe3 15.
fxe3 $16 {1-0 Kramnik,V (2777)-Van Wely,L (2617)/Monte Carlo 2004/CBM 099 ext 
(24)}) 10. Nd5 a5 11. c3 a4 12. d4 c4 13. Re1 Re8 14. Nxe7+ Qxe7 15. Bg5 h6 16.
Bh4 Bb7 17. Bb1 Na5 18. Bc2 Nb3 19. Rb1 Qe6 20. Bg3 Rad8 $132 {1-0 Morozevich,
A (2731)-Radjabov,T (2728)/Biel 2006/CBM 114 (92)}) 9... Nxd5 10. Bxd5 Be6 ({
Kritz,L} 10... Kh8 $5 {Ein interessanter Versuch, aber er sieht doch etwas zu
provokativ aus.} 11. c3 f5 12. b4 cxb4 13. axb4 $14 {0-1 Stukopin,A (2481)
-Timofeev,A (2600)/Khanty-Mansiysk 2012/CB47_2012 (41)}) 11. Bxe6 $146 {
A novelty which doesn't change the evaluation of this line - the position is
approximately equal, but it's slightly easier to play as White.} (11. Rb1 a5
12. c3 Qd7 13. a4 Rae8 14. Qb3 Bd8 15. Be3 Kh8 16. d4 cxd4 17. cxd4 exd4 18.
Nxd4 Bxd5 19. exd5 Nxd4 20. Bxd4 Re4 21. Qd3 Rfe8 $11 {1-0 Timofeev,A (2591)
-Jakovenko,D (2582)/Tomsk 2004/CBM 102 (68)}) 11... fxe6 12. c3 Qd7 13. b4 ({
In the event of} 13. d4 $6 cxd4 14. cxd4 exd4 15. Nxd4 Nxd4 16. Qxd4 Bf6 17.
Qd3 Rac8 {Black has no problems.}) 13... d5 14. Rb1 b5 (14... Rac8 15. Be3 b6
16. bxc5 bxc5 17. Rb6 Qa7 18. Qb3 Rb8 19. Rxb8 Rxb8 20. Qa2 Qd7 21. Rb1 $14 {
Black still has problems to solve as his doubled e-pawns require attention.})
15. Be3 d4 ({Black can't push the other way as after} 15... c4 $2 16. dxc4 bxc4
17. Qe2 d4 $2 18. Rfd1 d3 19. Qa2 {the Pc4 is falling.}) 16. Bd2 $1 {Karjakin
correctly decided to pass the decision about the structure to his opponent.} (
16. cxd4 exd4 17. Bd2 Rac8 (17... c4 $2 18. dxc4 bxc4 19. Rc1 c3 20. Bxc3 $16)
18. bxc5 Bxc5 19. Qb3 Rxf3 $1 20. gxf3 Ne5 21. Kg2 Qf7 22. Bf4 $1 Nxf3 (22...
Bd6 23. Rbc1 Rf8 24. Bg3 Qxf3+ 25. Kg1 Nc4 26. Bxd6 Qxh3 27. Rxc4 bxc4 28. Qxc4
Qg4+ 29. Bg3 h5 30. Qxd4 h4 31. Qd6 hxg3 32. Qxg3 Qxg3+ 33. fxg3 Rb8 $11) 23.
Kxf3 Bd6 24. Rbc1 $1 Rxc1 25. Rxc1 Qxf4+ 26. Ke2 Qxc1 27. Qxe6+ Kf8 28. Qxd6+
Kf7 29. Qxd4 Qxa3 {I believe that this endgame should end in a draw.}) 16...
dxc3 $1 {Seems like the best decision to open the position.} ({After} 16... Rf7
17. cxd4 cxd4 18. Qb3 {White enjoys a stable advantage.}) 17. Bxc3 Bd6 {
Black's Pe5 is a real target. However, the counterplay on the f-file should be
sufficient.} 18. Qe2 (18. bxc5 Bxc5 19. Nxe5 Nxe5 20. Bxe5 Bxa3 {is fine for
Black. Later on his connected passed pawns might become a factor.}) 18... Rf7
19. bxc5 Bxc5 20. Bb2 (20. Nxe5 Nxe5 21. Bxe5 Bxa3 22. d4 Bd6 $11) 20... Raf8
$6 {Very logical. However, it was safer to exchange all the minor pieces on
the d4-square.} (20... Nd4 21. Bxd4 Bxd4 22. Nxd4 Qxd4 23. Rbc1 Rd8 24. Rc6 Rd6
25. Rc8+ Rd8 26. Rfc1 Rxc8 27. Rxc8+ Rf8 28. Qc2 (28. Rc6 Qa1+ 29. Kh2 Qxa3 30.
Qh5 Rxf2 31. Qe8+ Rf8 32. Qxe6+ Kh8 33. Rxa6 Qxd3 $11) 28... Rxc8 29. Qxc8+ Kf7
30. Qxa6 Qxd3 $11) 21. Rbc1 Bb6 (21... Bd4 22. Bxd4 Nxd4 23. Nxd4 Qxd4 24. Rc6
a5 25. Rxe6 $14) (21... Rxf3 $6 {Here this sacrifice doesn't work properly.}
22. gxf3 (22. Rxc5 $2 Rxd3 23. Rxc6 Rd2 24. Qe3 Rxb2 25. Rxa6 h6 $11) 22... Qe7
23. Kh2 Nd4 24. Bxd4 Bxd4 25. Rc6 Qxa3 26. Rxe6 $16) 22. Kh1 $6 {Moving the
king away from the eye of the black bishop. However, it was more dynamic and
promising to use the c-file for the invasion by White's major pieces.} (22. Qc2
$1 Rxf3 (22... Nd4 23. Bxd4 Bxd4 24. Qc6 $14) 23. gxf3 Nd4 24. Bxd4 Bxd4 25.
Qc7 Qxc7 (25... Qe8 26. Kh2 Rxf3 27. Qc8 Qxc8 28. Rxc8+ Kf7 29. Rg1 $1 {
[%csl Rg7][%cal Gc8c7]} Rxf2+ 30. Rg2 Rxg2+ 31. Kxg2 Bb2 32. Ra8 Bxa3 33. Rxa6
{and we have the same endgame as after 25...Qxc7.}) 26. Rxc7 Rxf3 27. Rfc1 Rxf2
(27... h5 28. Rd7 Rxh3 29. Kg2 Rxd3 30. Rcc7 $16) 28. Rc8+ Kf7 29. Rf1 Rf4+ 30.
Kg2 Bb2 31. Ra8 Rxf1 32. Kxf1 Bxa3 33. Rxa6 {Black's defensive task in this
endgame is not easy.}) 22... Rxf3 23. gxf3 Bd4 24. Rg1 Bxb2 25. Qxb2 Rxf3 26.
Qc3 (26. Qc2 Qf7 27. Rg3 {Now there is no forced perpetual check as White's
queen is covering the second rank.} (27. Qxc6 {leads to the same position as
in the game.}) {Still, after} 27... h5 28. Qd1 Nd4 29. Rxf3 Nxf3 30. Kg2 Nh4+
31. Kf1 Qg6 32. Ke2 Ng2 {Black's mighty tandem of queen + knight should yield
him sufficient compensation for the exchange.}) 26... Qf7 $1 {Now it's a
forced draw.} 27. Qxc6 (27. Rg3 Rxg3 28. fxg3 Qf3+ 29. Kh2 Qf2+ $11) 27...
Rxh3+ 28. Kg2 Qf3+ 29. Kf1 Qxd3+ 30. Ke1 {[%tqu "En","How can Black force a
draw?","","","h3e3","",3]} Re3+ $1 31. fxe3 Qxe3+ {White's two extra rooks
can't help his king to escape from the perpetual check.} 32. Kd1 Qd3+ 33. Ke1
Qe3+ 34. Kd1 Qd3+ 1/2-1/2

[Event "EU-ch 5th"]
[Site "Antalya"]
[Date "2004.05.25"]
[Round "10"]
[White "Naiditsch, Arkadij"]
[Black "Mamedyarov, Shakhriyar"]
[Result "1-0"]
[WhiteElo "2571"]
[BlackElo "2657"]
[Annotator "Postny,E"]
[PlyCount "77"]
[EventDate "2004.05.15"]
[EventType "swiss"]
[EventRounds "13"]
[EventCountry "TUR"]
[SourceTitle "CBM 101"]
[Source "ChessBase"]
[SourceDate "2004.07.27"]
[SourceVersion "1"]
[SourceVersionDate "2004.07.27"]
[SourceQuality "1"]

1. e4 c5 2. Nf3 Nc6 3. Nc3 e5 4. Bc4 Be7 5. d3 d6 6. Nd2 {[%csl Gd5][%cal
Yd2f1,Yf1e3,Ye3d5]} ({Another popular line goes with} 6. O-O Nf6 7. Ng5 O-O 8.
f4) 6... Nf6 (6... Bg5 {is the main alternative.}) 7. Nf1 Bg4 {This is the
main continuation. Black provokes the f2-f3 concession.} (7... O-O 8. Ne3 Ne8
9. Ncd5 Bg5 10. O-O Nc7 11. Nxc7 Qxc7 12. c3 Be6 13. Bxe6 fxe6 14. Qg4 Qe7 15.
Nd5 exd5 16. Bxg5 Qf7 17. f4 $14 {1/2-1/2 Adams,M-Shirov,A/Wijk aan Zee NED
2004/The Week in Chess 479 (58)}) (7... Nd7 8. Nd5 Nb6 9. Nxb6 axb6 10. c3 O-O
11. Ne3 Bg5 12. O-O Bxe3 13. Bxe3 Qe7 14. f4 exf4 15. Bxf4 Be6 16. Bxe6 Qxe6
17. Qb3 Qxb3 18. axb3 Rad8 19. Bg3 Rd7 20. Rf5 Rfd8 21. b4 Ne7 {1/2-1/2 Leko,
P-Kramnik,V/Dortmund 2003/CBM 97 [Erenburg] (21)}) 8. f3 (8. Qd2 $143 Nd7 {
--> 1/2-1/2 Inarkiev,E-Roiz,M/Moscow 2003/CBM 94 [Roiz] (18)}) 8... Be6 9. Ne3
O-O 10. O-O Rb8 {Intending to prepare a counterplay by b7-b5 advance.} (10...
Nd4 {--> 1-0 Nakamura,H-Krush,I/Bermuda 2002/CBM 88 [Finkel] (56)}) (10... Nd7
11. Ncd5 (11. Ned5 {--> 1-0 Kasparov,G-Babula,V/Prague 2001/CBM 86 [Gershon] 
(54)}) 11... Bg5 12. f4 Bxf4 13. Nxf4 exf4 14. Rxf4 Nce5 15. Bb3 b5 16. Bd5 Rb8
17. a4 b4 $11 {1/2-1/2 Dolmatov,S-Shariyazdanov,A/Togliatti 2003/CBM 94 ext 
(25)}) (10... a6 11. a3 b5 12. Ba2 Bxa2 13. Rxa2 Qd7 14. Ra1 Bd8 15. f4 exf4
16. Rxf4 Nd4 17. Rf2 $14 {1-0 Adams,M-Womacka,M/Germany 1997/GER-chT (49)}) (
10... Ne8 11. Ncd5 Bg5 12. f4 exf4 13. Nxf4 Bxf4 14. Rxf4 Nc7 15. Qh5 g6 16.
Qh6 f6 17. Bxe6+ Nxe6 18. Rf2 $14 {1/2-1/2 Baklan,V-Reinderman,D/Ohrid 2001/
CBM 84 (73)}) 11. a4 (11. f4 {--> 1/2-1/2 Lupulescu,C-Rogozenko,D/Bucharest
2002/CBM 88 [Rogozenko] (37)}) (11. a3 Nd4 12. Ba2 {--> 1/2-1/2 Emms,J-San
Segundo Carrillo,P/Mondariz 2000/CBM 79 [Finkel] (36)}) 11... Nb4 12. Ncd5
Nbxd5 13. exd5 Bd7 $146 {It is probably more accurate to play 13...Bc8 and
keep the d7 square for possible knight transfer.} (13... Bc8 14. f4 exf4 15.
Rxf4 g6 16. d4 b6 17. Be2 Nd7 $132 {0-1 Dervishi,E-Grigore,G/Genova 2000/EXT
2001 (78)}) 14. f4 e4 $2 {[%mdl 16384] In my opinion this is a serious
strategical mistake.} ({The right continuation is} 14... exf4 15. Rxf4 g6 $132
{[%cal Gf6h5]}) 15. d4 $1 {[%csl Ge3] White has now clear advantage in space,
while black faces a hard task of finding any good plan.} Qc8 16. Be2 Bd8 {
Trying to transfer the bishop to the a7-g1 diagonal.} 17. dxc5 Qxc5 18. Kh1 b5
19. b4 Qc8 (19... Qxb4 $2 20. Ba3 {[%csl Rb8,Rd6,Rf8][%cal Ga3d6]}) 20. a5 {
White has big positional advantage. White actually controls the whole board
and after some consolidation he can choose either the plan connected with
c2-c4 breakthrow, or the plan of kingside attack (by g2-g4 etc). On the other
hand, black's pieces are passive and has no prospects at all.} Rb7 21. Bb2 Rc7
22. Rc1 Ne8 23. g4 Bf6 24. Bd4 Rc3 $5 {Interesting practical chance, but
insufficient.} ({After} 24... Bxd4 25. Qxd4 {white is dominating.}) 25. Bxa7 {
An extra pawn will be useful...} Nc7 26. g5 Qa8 27. Bd4 Rxe3 $1 {Black must
eliminate this powerful knight, at least to muddy the waters.} 28. gxf6 ({
Worse is} 28. Bxe3 $6 Nxd5 29. gxf6 Nxe3 {with complications.}) 28... Nxd5 29.
Bg4 $2 {Giving black unnecessary chances.} ({Stronger would have been} 29. Rg1
g6 30. Bxe3 Nxe3 31. Qxd6 Rd8 32. Qc5 Nd5 33. Bf1 $1 Nxf6 34. Bg2 $18) 29...
Bxg4 30. Qxg4 g6 31. f5 Ra3 $2 {This loses by force.} ({Black could come back
into the game by} 31... Rf3 $1 32. fxg6 (32. Qh4 Nf4 {[%csl Rh1][%cal Ga8h1]})
32... hxg6 33. Rxf3 exf3 34. Qxf3 (34. c3 Nf4 $132) 34... Nxb4 35. Qxa8 Rxa8
36. Bb6 $14) 32. Qh4 {White's attack on the dark squares is decisive.} e3 33.
Kg1 h5 34. fxg6 fxg6 {[%tqu "En","Find the quickest way for a win.","","",
"f6f7","",10]} 35. f7+ $1 Rxf7 36. Qe4 {That's all. Further resistance has no
point, since black's pieces are not coordinated.} Rg7 37. Bxg7 Kxg7 38. Rfd1
Nc7 39. Qxa8 1-0

[Event "EU-ch 4th"]
[Site "Istanbul"]
[Date "2003.06.03"]
[Round "5"]
[White "Macieja, Bartlomiej"]
[Black "Nedev, Trajce"]
[Result "1-0"]
[WhiteElo "2634"]
[BlackElo "2518"]
[Annotator "Postny,E"]
[PlyCount "53"]
[EventDate "2003.05.30"]
[EventType "swiss"]
[EventRounds "13"]
[EventCountry "TUR"]
[SourceTitle "CBM 096"]
[Source "ChessBase"]
[SourceDate "2003.09.25"]
[SourceVersion "1"]
[SourceVersionDate "2003.09.25"]
[SourceQuality "1"]

1. e4 {McShane} c5 2. Nf3 Nc6 3. Nc3 {'!?' McShane.} Nf6 4. Bb5 g6 5. h3 ({
Another principle continuation is:} 5. e5 Ng4 6. Bxc6 dxc6 7. h3 Nh6 8. g4 {
[%csl Rh6] - see the games Moiseenko,A-Nedev,T/Ohrid 2001/CBM 84 [Gershon] and
Khalifman,A-Lautier,J/Wijk aan Zee 2002/CBM 87 [Lautier]}) 5... Bg7 $6 {
Looks like inaccuracy. Black simply ignores white's idea.} (5... Qc7 6. O-O Bg7
7. Re1 {- see the game Nevednichy,V-Kupreichik,V/Batumi 1999/CBM 74 [Oratovsky]
}) (5... Nd4 {Black's most popular reply.}) 6. e5 Ng8 {McShane: 'More or less
forced, since the N could easily be trapped on h5. The N hopes to re-emerge on
the comfortable f5 square.'} 7. Bxc6 dxc6 8. d3 Nh6 9. Be3 $1 {This is more
precise, than 9.g4.} (9. g4 {[%csl Rh6]} f5 10. exf6 (10. Bxh6 Bxh6 11. g5 Bg7
12. Qe2 Be6 13. O-O-O Qa5 14. a3 b5 $132 {0-1 Prizant,J-Maletin,P/Essentuki
2003 (39)}) 10... exf6 11. Qe2+ Qe7 12. Qxe7+ Kxe7 13. Be3 b6 14. O-O-O Rd8 15.
d4 c4 16. Rhe1 Kf8 $11 {1-0 Kuzmin,G-Timoscenko,G/Baku 1977 (42)}) 9... b6 10.
g4 {[%csl Rh6] '!' McShane. Threatening 11.Qd2. McShane: 'Confining the N even
more. White threatens Qd2, to force the horse back again, so Black's next move
making room on f7 looks obligatory.'} f5 11. exf6 {McShane: 'Often the player
with the pair of knights would opt to keep the position closed, but here
White's lead in development dictates the very opposite.'} exf6 12. Qe2 {
'!' McShane.} Qe7 $146 {'?!' McShane. McShane: 'The course of the game
suggests that castling immediately would have been wiser.'} (12... O-O 13.
O-O-O Qc7 14. d4 cxd4 15. Nxd4 Re8 16. Rhe1 (16. Rhg1 Bb7 17. h4 Rad8 18. h5
Qf7 19. hxg6 hxg6 20. Kb1 f5 21. gxf5 Rxd4 22. fxg6 Rxd1+ 23. Qxd1 Qe6 24. Qh5
Nf5 $17 {0-1 Hector,J-De la Villa Garcia,J/Aceimar 1995/EXT 97 (69)}) 16... Bb7
17. f4 f5 18. gxf5 Bxd4 19. Qc4+ Qf7 20. Qxf7+ Kxf7 21. fxg6+ hxg6 22. Bxd4 $16
{1-0 Movsesian,S-Polasek,J/CZE 1997/EXT 98 (41)}) 13. d4 {McShane: 'Continuing
to open lines to fuel the initiative.'} cxd4 $2 {This obvious capture allows
white to get strong initiative. The evaluation of the position depends on
critical variation 13...f5!} (13... f5 $1 14. g5 (14. Ne5 Nf7 15. Nxc6 Qe6 16.
d5 $2 Bxc3+ 17. bxc3 Qxd5) 14... Nf7 15. dxc5 Bxc3+ 16. bxc3 O-O $44) 14. Nxd4
Bb7 (14... c5 $2 15. Nd5 $18) 15. O-O-O Nf7 (15... c5 $2 16. Qb5+ Kf8 17. Nc6
Qc7 18. Bxc5+ $1 bxc5 19. Qxc5+ Kf7 20. Nd8+ Qxd8 21. Rxd8 Rhxd8 22. Qc7+ $18)
16. Rhe1 {All white's pieces are fully mobilised and weak fields in black's
camp will become a serious factor in the position.} O-O (16... O-O-O {McShane}
17. Qc4 Ne5 18. Bf4 $1 {shows the power of White's rooks.}) 17. Qc4 b5 18. Qf1
Ne5 {'?!' McShane. McShane: 'This knight sortie leads to nothing. Instead
Black should have tried to improve his own rooks by, for example,'} (18... Rad8
19. f4 $16) 19. f4 Nc4 20. Bg1 Qf7 (20... Qb4 {McShane} 21. Nb3 $1 {threatens
the decisive Bg1-c5.}) 21. b3 Nb6 22. Ne6 Rfe8 (22... f5 23. Nxg7 {and black
will not survive the following attack on black squares.}) 23. f5 {Black is
totally squeezed and simply helpless against the penetration of white's pieces.
McShane: 'Black's position is a wreck, and his bishops have had no bearing on
the game at all.'} Bf8 24. Bc5 Nd7 25. Bxf8 Nxf8 26. Ne4 Nxe6 27. Nd6 {McShane:
'White will be at least a clear exchange up.'} 1-0

[Event "EU-ch 4th"]
[Site "Istanbul"]
[Date "2003.06.07"]
[Round "8"]
[White "Sutovsky, Emil"]
[Black "Chuchelov, Vladimir"]
[Result "1/2-1/2"]
[WhiteElo "2652"]
[BlackElo "2592"]
[Annotator "Postny,E"]
[PlyCount "118"]
[EventDate "2003.05.30"]
[EventType "swiss"]
[EventRounds "13"]
[EventCountry "TUR"]
[SourceTitle "CBM 096"]
[Source "ChessBase"]
[SourceDate "2003.09.25"]
[SourceVersion "1"]
[SourceVersionDate "2003.09.25"]
[SourceQuality "1"]

1. e4 c5 2. Nc3 Nc6 3. Nf3 e5 4. Bc4 d6 5. d3 Be7 6. Nd2 Bg5 7. Nf1 ({Another
popular alternative is} 7. h4) 7... Bxc1 8. Rxc1 Nge7 9. Ne3 O-O 10. O-O Kh8 {
[%cal Gf7f5]} (10... Be6 11. f4 exf4 12. Rxf4 Ng6 13. Rf2 Nd4 14. Nf5 Ne5 15.
Qf1 Qg5 16. Re1 g6 17. Ne3 Bxc4 18. dxc4 f5 19. exf5 gxf5 20. Nb5 Nxb5 21. cxb5
f4 22. Nd5 f3 23. Nc7 Ng4 24. Nxa8 Nxf2 25. Qxf2 fxg2 26. Qxg2 Qxg2+ 27. Kxg2
Rxa8 28. Re7 $16 {1/2-1/2 Ye Jiangchuan-Krasenkow,M/Shanghai 2001/CBM 85 (68)})
(10... a6 11. Ncd5 b5 12. Bb3 Be6 13. c3 Rc8 14. f4 exf4 15. Nxf4 Bxb3 16. axb3
Ne5 17. Qd2 N7g6 18. Nfd5 $14 {1/2-1/2 Gurevich,I-Anastasian,A/Glendale 1994/
CBM 42 (47)}) (10... Ng6 11. Ne2 Be6 12. c3 Qb6 13. Qd2 Rad8 14. Rfd1 Nge7 15.
Bd5 Bxd5 16. exd5 Nb8 17. d4 exd4 18. cxd4 Nd7 19. dxc5 Nxc5 20. b4 Ne4 21. Qd4
Qxd4 22. Rxd4 Nf6 $11 {1/2-1/2 Kosten,A-Kharlov,A/Torcy 1991/TD (42)}) 11. Qd2
(11. Ncd5 f5 12. exf5 Nxf5 13. c3 Bd7 14. Qd2 Nh4 15. f4 exf4 16. Rxf4 Rxf4 17.
Nxf4 Ne5 $11 {1/2-1/2 Lobron,E-Krasenkow,M/Bad Wiessee 2001/EXT 2002 (23)}) (
11. Qh5 {- see the game Sokolov,A-Krasenkow,M/Elista 1995/CBM 50 [Krasenkow]})
11... f5 12. exf5 Nxf5 (12... Bxf5 13. f4 Bg6 14. Ned5 Nxd5 15. Bxd5 exf4 16.
Rxf4 Rxf4 17. Qxf4 Qe7 {1/2-1/2 Ye Jiangchuan-Krasenkow,M/Shanghai 2000/CBM 76
(17)}) 13. f4 Bd7 $146 (13... Nxe3 14. Qxe3 Bf5 15. Rf2 Bg6 16. Nd5 Na5 17.
Rcf1 Nxc4 18. dxc4 Rf5 19. Qh3 Rh5 20. Qe6 Be4 21. fxe5 Rxe5 22. Qd7 h6 23.
Qxb7 $16 {0-1 Ivanchuk,V-Krasenkow,M/Polanica Zdroj 1998/CBM 67 (35)}) 14. Bd5
$1 Nfe7 (14... exf4 15. Rxf4 Nxe3 16. Qxe3 Rxf4 17. Qxf4 Qf8 18. Qg3 $14) 15.
fxe5 Nxd5 16. Ncxd5 dxe5 17. Rxf8+ Qxf8 18. Rf1 Qd6 19. Qf2 {White has small,
but stable advantage, thanks to superior pawn structure.} Be6 20. Nc3 b6 21.
Ne4 Qe7 22. Qg3 Rf8 {The exchange of rooks will reduce white's chances for the
attack.} 23. a3 Rxf1+ 24. Kxf1 h6 25. Qg6 Kg8 26. Ke1 Qf7 {It can be concluded,
that black equalized with careful defense.} 27. Nf6+ ({The endgame after} 27.
Qxf7+ Kxf7 {is objectively equal.}) 27... Kf8 28. Qe4 gxf6 29. Qxc6 Kg7 30. g4
Qd7 31. Qa8 b5 (31... Bxg4 $2 32. Qg2 {[%csl Rg4] and black is losing the
bishop.}) 32. Nf5+ $1 {White's best chance to play for a win.} Bxf5 33. gxf5
Kf7 34. Qe4 a5 35. Ke2 Ke7 36. Qg4 Qc6 37. Qg6 $6 ({More precise is} 37. Qg7+
Kd8 38. Kf2) 37... Kd8 $6 ({Preferable was the immediate} 37... c4) 38. Kf2 c4
39. dxc4 bxc4 40. Qxh6 {White won a pawn, but black can still achieve the draw,
since white's king is quite vulnerable.} Qb6+ 41. Ke2 Qc6 42. Qf8+ Kd7 43. Qf7+
Kd8 44. Qg8+ Ke7 45. Kf2 a4 $2 {Losing an important tempo.} (45... Qb6+ $142
46. Kg2 Qc6+ 47. Kg3 e4) 46. h4 Qb6+ 47. Kg2 Qc6+ 48. Kg3 e4 49. Qg7+ Ke8 50.
h5 Qd6+ 51. Kh3 Qe5 52. Qg6+ $2 {It looks like 52.Qg4 gave white good winning
chances.} (52. Qg4 $1 e3 53. h6 $1 e2 54. h7 e1=Q 55. h8=Q+ Kd7 56. Qhg7+ Kc6
57. Qf3+ Q5e4 58. Qxf6+ Kb5 59. Qxe4 Qxe4 60. Qe6 Qxc2 61. Qe5+ {and white
should win the resulting endgame.}) 52... Kd7 53. h6 e3 54. h7 e2 55. h8=Q Qe3+
(55... e1=Q $4 56. Qf7+ Qe7 57. Qd5+ Kc7 58. Qxc4+ {mating.}) 56. Kh2 Qf4+ {
White can not avoid the perpetual check.} 57. Qg3 Qxg3+ 58. Kxg3 e1=Q+ 59. Kf3
Qd1+ 1/2-1/2